ELEVEN MINUTES (Record no. 31327)
[ view plain ]
| 000 -LEADER | |
|---|---|
| fixed length control field | 00331nam a2200133Ia 4500 |
| 008 - FIXED-LENGTH DATA ELEMENTS--GENERAL INFORMATION | |
| fixed length control field | 240624s9999 xx 000 0 und d |
| 041 ## - LANGUAGE CODE | |
| Language code of text/sound track or separate title | eng |
| 082 ## - DEWEY DECIMAL CLASSIFICATION NUMBER | |
| Classification number | 869.3 COE |
| 100 ## - MAIN ENTRY--PERSONAL NAME | |
| Personal name | COELHO PAULO |
| 245 ## - TITLE STATEMENT | |
| Title | ELEVEN MINUTES |
| 260 ## - PUBLICATION, DISTRIBUTION, ETC. | |
| Date of publication, distribution, etc. | 2010 |
| Place of publication, distribution, etc. | London |
| Name of publisher, distributor, etc. | HarperCollins Publishers |
| 300 ## - PHYSICAL DESCRIPTION | |
| Extent | xi, , 275 , 19 : p. : cm. |
| 365 ## - TRADE PRICE | |
| Currency code | RS |
| Withdrawn status | Lost status | Damaged status | Not for loan | Home library | Current library | Shelving location | Date acquired | Cost, normal purchase price | Total Checkouts | Full call number | Barcode | Date due | Date last seen | Date last checked out | Price effective from | Koha item type |
|---|---|---|---|---|---|---|---|---|---|---|---|---|---|---|---|---|
| IMTN | IMTN | Rack 43-A | 09/18/2018 | 172.00 | 8 | 869.3 COE | 31327 | 01/23/2026 | 01/13/2026 | 01/13/2026 | 06/24/2024 | Books |